[Event "Chess Masters Gent 2023"]
[Site "Ghent, Belgium"]
[Date "2023.07.11"]
[Round "1.1"]
[White "Laurent-Paoli, Pierre"]
[Black "Maerevoet, Sim"]
[Result "1/2-1/2"]
[TimeControl "90'/40 + 30' + 30\"/M"]
[WhiteTitle "IM"]
[BlackTitle "FM"]
[WhiteFideId "26017962"]
[BlackFideId "241725"]
[WhiteElo "2531"]
[BlackElo "2414"]

1. e4 {[%clk 01:30:01]} {[%emt 00:00:57]} c5 {[%clk 01:30:54]} {[%emt
00:00:07]} 2. Nf3 {[%clk 01:29:58]} {[%emt 00:00:33]} e6 {[%clk 01:31:03]}
{[%emt 00:00:22]} 3. d4 {[%clk 01:29:56]} {[%emt 00:00:31]} cxd4 {[%clk
01:31:19]} {[%emt 00:00:15]} 4. Nxd4 {[%clk 01:30:21]} {[%emt 00:00:06]} Nf6
{[%clk 01:31:33]} {[%emt 00:00:15]} 5. Nc3 {[%clk 01:27:48]} {[%emt 00:03:03]}
Nc6 {[%clk 01:31:52]} {[%emt 00:00:12]} 6. Be2 {[%clk 01:22:34]} {[%emt
00:05:43]} Qc7 {[%clk 01:25:51]} {[%emt 00:06:31]} 7. Ndb5 {[%clk 01:22:26]}
{[%emt 00:00:38]} Qb8 {[%clk 01:24:52]} {[%emt 00:01:29]} 8. f4 {[%clk
01:22:45]} {[%emt 00:00:09]} a6 {[%clk 01:15:44]} {[%emt 00:09:40]} 9. e5
{[%clk 01:22:56]} {[%emt 00:00:19]} axb5 {[%clk 01:14:36]} {[%emt 00:01:38]} 10.
exf6 {[%clk 01:23:16]} {[%emt 00:00:10]} b4 {[%clk 01:05:37]} {[%emt 00:09:29]}
11. fxg7 {[%clk 01:23:22]} {[%emt 00:00:24]} Bxg7 {[%clk 01:06:02]} {[%emt
00:00:05]} 12. Nb5 {[%clk 01:23:46]} {[%emt 00:00:06]} O-O {[%clk 01:03:21]}
{[%emt 00:03:10]} 13. O-O {[%clk 01:23:36]} {[%emt 00:00:40]} f5 {[%clk
00:57:45]} {[%emt 00:06:07]} 14. Rf3 {[%clk 01:05:15]} {[%emt 00:18:50]} Ra5
{[%clk 00:50:06]} {[%emt 00:08:10]} 15. c3 {[%clk 00:50:20]} {[%emt 00:15:25]}
bxc3 {[%clk 00:41:21]} {[%emt 00:09:15]} 16. bxc3 {[%clk 00:50:32]} {[%emt
00:00:18]} d5 {[%clk 00:39:53]} {[%emt 00:01:57]} 17. Be3 {[%clk 00:46:55]}
{[%emt 00:04:07]} Bd7 {[%clk 00:31:33]} {[%emt 00:08:52]} 18. Bb6 {[%clk
00:38:30]} {[%emt 00:08:54]} Ra6 {[%clk 00:31:21]} {[%emt 00:00:42]} 19. Bc5
{[%clk 00:38:48]} {[%emt 00:00:12]} Rf6 {[%clk 00:30:49]} {[%emt 00:01:01]} 20.
c4 {[%clk 00:34:03]} {[%emt 00:05:15]} Rg6 {[%clk 00:29:20]} {[%emt 00:01:59]}
21. cxd5 {[%clk 00:24:51]} {[%emt 00:09:42]} exd5 {[%clk 00:29:29]} {[%emt
00:00:21]} 22. Rb1 {[%clk 00:18:30]} {[%emt 00:06:52]} Rxa2 {[%clk 00:26:14]}
{[%emt 00:03:45]} 23. Qxd5+ {[%clk 00:17:38]} {[%emt 00:01:21]} Be6 {[%clk
00:26:38]} {[%emt 00:00:05]} 24. Qd1 {[%clk 00:17:36]} {[%emt 00:00:32]} Kh8
{[%clk 00:17:25]} {[%emt 00:09:43]} 25. Rf2 {[%clk 00:15:39]} {[%emt 00:02:28]}
Bg8 {[%clk 00:12:54]} {[%emt 00:05:01]} 26. Qd3 {[%clk 00:15:08]} {[%emt
00:01:01]} Qd8 {[%clk 00:09:37]} {[%emt 00:03:47]} 27. Qxd8 {[%clk 00:13:48]}
{[%emt 00:01:50]} Nxd8 {[%clk 00:10:02]} {[%emt 00:00:05]} 28. Bd3 {[%clk
00:13:29]} {[%emt 00:00:49]} Rc6 {[%clk 00:07:24]} {[%emt 00:03:08]} 29. Be3
{[%clk 00:11:49]} {[%emt 00:02:09]} Rxf2 {[%clk 00:07:41]} {[%emt 00:00:14]} 30.
Kxf2 {[%clk 00:12:05]} {[%emt 00:00:14]} Be6 {[%clk 00:06:06]} {[%emt
00:02:05]} 31. Bd4 {[%clk 00:04:20]} {[%emt 00:08:15]} Bd7 {[%clk 00:05:30]}
{[%emt 00:01:06]} 32. Bxg7+ {[%clk 00:03:03]} {[%emt 00:01:47]} Kxg7 {[%clk
00:05:58]} {[%emt 00:00:02]} 33. Nd4 {[%clk 00:03:27]} {[%emt 00:00:06]} Rc5
{[%clk 00:05:12]} {[%emt 00:01:16]} 34. Rb6 {[%clk 00:03:22]} {[%emt 00:00:35]}
Bc8 {[%clk 00:04:40]} {[%emt 00:01:01]} 35. Ke3 {[%clk 00:02:19]} {[%emt
00:01:33]} Nc6 {[%clk 00:04:13]} {[%emt 00:00:58]} 36. Nf3 {[%clk 00:02:04]}
{[%emt 00:00:44]} Kf6 {[%clk 00:03:31]} {[%emt 00:01:12]} 37. g3 {[%clk
00:01:54]} {[%emt 00:00:40]} Ke7 {[%clk 00:03:08]} {[%emt 00:00:53]} 38. Rb1
{[%clk 00:01:39]} {[%emt 00:00:45]} Ra5 {[%clk 00:02:58]} {[%emt 00:00:40]} 39.
Rb2 {[%clk 00:01:00]} {[%emt 00:01:09]} Kf6 {[%clk 00:02:51]} {[%emt 00:00:37]}
40. Nd2 {[%clk 00:00:51]} {[%emt 00:00:39]} Ra1 {[%clk 00:01:43]} {[%emt
00:01:38]} 41. Nc4 {[%clk 00:28:35]} {[%emt 00:02:45]} Ke7 {[%clk 00:30:39]}
{[%emt 00:01:34]} 42. Rb5 {[%clk 00:23:31]} {[%emt 00:05:35]} Ra2 {[%clk
00:23:12]} {[%emt 00:07:58]} 43. Bxf5 {[%clk 00:18:27]} {[%emt 00:05:33]} Bxf5
{[%clk 00:23:36]} {[%emt 00:00:06]} 44. Rxf5 {[%clk 00:18:48]} {[%emt
00:00:09]} Rxh2 {[%clk 00:24:01]} {[%emt 00:00:05]} 45. Rb5 {[%clk 00:18:35]}
{[%emt 00:00:44]} Nd8 {[%clk 00:24:05]} {[%emt 00:00:26]} 46. g4 {[%clk
00:17:55]} {[%emt 00:01:09]} Kd7 {[%clk 00:21:14]} {[%emt 00:03:21]} 47. Ne5+
{[%clk 00:16:19]} {[%emt 00:02:06]} Kc7 {[%clk 00:21:07]} {[%emt 00:00:37]} 48.
Nf3 {[%clk 00:15:30]} {[%emt 00:01:19]} Rh3 {[%clk 00:20:54]} {[%emt 00:00:43]}
49. Kf2 {[%clk 00:12:35]} {[%emt 00:03:25]} Ne6 {[%clk 00:19:08]} {[%emt
00:02:17]} 50. Rb4 {[%clk 00:13:03]} {[%emt 00:00:02]} Rh1 {[%clk 00:17:04]}
{[%emt 00:02:33]} 51. f5 {[%clk 00:12:03]} {[%emt 00:01:30]} Nc5 {[%clk
00:17:08]} {[%emt 00:00:27]} 52. Kg2 {[%clk 00:12:21]} {[%emt 00:00:11]} Rd1
{[%clk 00:16:23]} {[%emt 00:01:16]} 53. Kg3 {[%clk 00:10:42]} {[%emt 00:02:08]}
h6 {[%clk 00:14:55]} {[%emt 00:01:58]} 54. Rb2 {[%clk 00:09:12]} {[%emt
00:02:00]} Rd6 {[%clk 00:14:41]} {[%emt 00:00:44]} 55. Ne5 {[%clk 00:07:21]}
{[%emt 00:02:20]} Ne4+ {[%clk 00:14:35]} {[%emt 00:00:35]} 56. Kf4 {[%clk
00:07:35]} {[%emt 00:00:17]} Ng5 {[%clk 00:14:47]} {[%emt 00:00:18]} 57. Rc2+
{[%clk 00:07:58]} {[%emt 00:00:07]} Kd8 {[%clk 00:14:58]} {[%emt 00:00:18]} 58.
Rb2 {[%clk 00:03:55]} {[%emt 00:04:34]} Kc7 {[%clk 00:14:39]} {[%emt 00:00:49]}
59. Nf3 {[%clk 00:02:04]} {[%emt 00:02:21]} Nxf3 {[%clk 00:14:01]} {[%emt
00:01:08]} 60. Kxf3 {[%clk 00:02:32]} {[%emt 00:00:01]} Ra6 {[%clk 00:11:10]}
{[%emt 00:03:21]} 61. Kg3 {[%clk 00:01:22]} {[%emt 00:01:40]} Ra1 {[%clk
00:11:12]} {[%emt 00:00:28]} 62. Rh2 {[%clk 00:01:24]} {[%emt 00:00:28]} Ra6
{[%clk 00:11:00]} {[%emt 00:00:42]} 63. Kh4 {[%clk 00:01:17]} {[%emt 00:00:37]}
b5 {[%clk 00:10:57]} {[%emt 00:00:34]} 64. Rc2+ {[%clk 00:01:37]} {[%emt
00:00:10]} Kd6 {[%clk 00:10:30]} {[%emt 00:00:57]} 65. Rc8 {[%clk 00:00:48]}
{[%emt 00:01:19]} b4 {[%clk 00:09:06]} {[%emt 00:01:54]} 66. f6 {[%clk
00:00:50]} {[%emt 00:00:28]} Ke6 {[%clk 00:08:53]} {[%emt 00:00:43]} 67. g5
{[%clk 00:01:13]} {[%emt 00:00:08]} hxg5+ {[%clk 00:08:31]} {[%emt 00:00:53]}
68. Kxg5 {[%clk 00:01:41]} {[%emt 00:00:01]} Ra1 {[%clk 00:08:40]} {[%emt
00:00:21]} 69. Rc6+ {[%clk 00:01:36]} {[%emt 00:00:36]} Kf7 {[%clk 00:09:02]}
{[%emt 00:00:07]} 70. Rc7+ {[%clk 00:01:59]} {[%emt 00:00:07]} Kf8 {[%clk
00:09:26]} {[%emt 00:00:06]} 71. Rc8+ {[%clk 00:02:23]} {[%emt 00:00:06]}
1/2-1/2

[Event "Chess Masters Gent 2023"]
[Site "Ghent, Belgium"]
[Date "2023.07.11"]
[Round "1.2"]
[White "Miedema, David"]
[Black "Fernandez, Daniel H."]
[Result "0-1"]
[TimeControl "90'/40 + 30' + 30\"/M"]
[WhiteTitle "IM"]
[BlackTitle "GM"]
[WhiteFideId "1018477"]
[BlackFideId "5801605"]
[WhiteElo "2375"]
[BlackElo "2518"]

1. d4 {[%clk 01:30:48]} {[%emt 00:00:11]} Nf6 {[%clk 01:29:55]} {[%emt
00:01:05]} 2. c4 {[%clk 01:31:11]} {[%emt 00:00:07]} e6 {[%clk 01:26:33]}
{[%emt 00:03:53]} 3. Nf3 {[%clk 01:31:12]} {[%emt 00:00:29]} Bb4+ {[%clk
01:24:49]} {[%emt 00:02:14]} 4. Nbd2 {[%clk 01:31:35]} {[%emt 00:00:07]} a6
{[%clk 01:22:53]} {[%emt 00:02:26]} 5. a3 {[%clk 01:31:43]} {[%emt 00:00:22]}
Bxd2+ {[%clk 01:22:35]} {[%emt 00:00:48]} 6. Qxd2 {[%clk 01:32:07]} {[%emt
00:00:06]} b5 {[%clk 01:22:54]} {[%emt 00:00:11]} 7. cxb5 {[%clk 01:17:22]}
{[%emt 00:15:14]} axb5 {[%clk 01:23:22]} {[%emt 00:00:03]} 8. Qg5 {[%clk
01:17:45]} {[%emt 00:00:07]} O-O {[%clk 01:23:35]} {[%emt 00:00:17]} 9. Qxb5
{[%clk 01:18:12]} {[%emt 00:00:03]} Ba6 {[%clk 01:17:10]} {[%emt 00:06:55]} 10.
Qb3 {[%clk 01:02:53]} {[%emt 00:15:48]} d5 {[%clk 01:12:27]} {[%emt 00:05:13]}
11. Qc2 {[%clk 01:02:06]} {[%emt 00:01:17]} c5 {[%clk 01:10:22]} {[%emt
00:02:35]} 12. dxc5 {[%clk 00:58:11]} {[%emt 00:04:25]} Nc6 {[%clk 01:10:50]}
{[%emt 00:00:02]} 13. b4 {[%clk 00:53:29]} {[%emt 00:05:12]} Ne4 {[%clk
01:07:47]} {[%emt 00:03:32]} 14. Bb2 {[%clk 00:53:55]} {[%emt 00:00:05]} Qb8
{[%clk 00:59:13]} {[%emt 00:09:05]} 15. Rb1 {[%clk 00:47:04]} {[%emt 00:07:20]}
Nxb4 {[%clk 00:53:14]} {[%emt 00:06:29]} 16. axb4 {[%clk 00:46:40]} {[%emt
00:00:54]} Qxb4+ {[%clk 00:53:42]} {[%emt 00:00:02]} 17. Nd2 {[%clk 00:47:05]}
{[%emt 00:00:05]} Rfc8 {[%clk 00:53:06]} {[%emt 00:01:06]} 18. f3 {[%clk
00:39:23]} {[%emt 00:08:13]} Nxc5 {[%clk 00:49:56]} {[%emt 00:03:39]} 19. Qd1
{[%clk 00:35:41]} {[%emt 00:04:12]} Bb5 {[%clk 00:42:31]} {[%emt 00:07:56]} 20.
Bxg7 {[%clk 00:35:05]} {[%emt 00:01:06]} Qf4 {[%clk 00:38:44]} {[%emt
00:04:17]} 21. Rxb5 {[%clk 00:33:59]} {[%emt 00:01:36]} Kxg7 {[%clk 00:39:11]}
{[%emt 00:00:02]} 22. Kf2 {[%clk 00:31:29]} {[%emt 00:03:00]} Ra2 {[%clk
00:39:19]} {[%emt 00:00:23]} 23. Rxc5 {[%clk 00:30:12]} {[%emt 00:01:47]} Rxc5
{[%clk 00:34:40]} {[%emt 00:05:09]} 24. Nb3 {[%clk 00:28:53]} {[%emt 00:01:49]}
Rc3 {[%clk 00:35:07]} {[%emt 00:00:03]} 25. Qd4+ {[%clk 00:28:40]} {[%emt
00:00:44]} Qxd4+ {[%clk 00:35:34]} {[%emt 00:00:03]} 26. Nxd4 {[%clk 00:29:03]}
{[%emt 00:00:07]} Rc4 {[%clk 00:33:04]} {[%emt 00:02:58]} 27. Nb5 {[%clk
00:23:44]} {[%emt 00:05:49]} Rb2 {[%clk 00:30:38]} {[%emt 00:02:56]} 28. Nd6
{[%clk 00:24:06]} {[%emt 00:00:09]} Rc6 {[%clk 00:31:00]} {[%emt 00:00:08]} 29.
Ne8+ {[%clk 00:24:24]} {[%emt 00:00:12]} Kg6 {[%clk 00:31:27]} {[%emt
00:00:02]} 30. h4 {[%clk 00:24:47]} {[%emt 00:00:07]} f5 {[%clk 00:30:57]}
{[%emt 00:01:00]} 31. Rh3 {[%clk 00:23:52]} {[%emt 00:01:25]} Kf7 {[%clk
00:31:10]} {[%emt 00:00:17]} 32. Rg3 {[%clk 00:24:18]} {[%emt 00:00:04]} Kxe8
{[%clk 00:31:27]} {[%emt 00:00:13]} 33. Rg7 {[%clk 00:24:44]} {[%emt 00:00:04]}
d4 {[%clk 00:31:44]} {[%emt 00:00:12]} 0-1

[Event "Chess Masters Gent 2023"]
[Site "Ghent, Belgium"]
[Date "2023.07.11"]
[Round "1.3"]
[White "Csonka, Balazs"]
[Black "De Waele, Warre"]
[Result "0-1"]
[TimeControl "90'/40 + 30' + 30\"/M"]
[WhiteTitle "IM"]
[BlackTitle "FM"]
[WhiteFideId "742910"]
[BlackFideId "241156"]
[WhiteElo "2497"]
[BlackElo "2350"]

1. e4 {[%clk 01:30:55]} {[%emt 00:00:03]} e5 {[%clk 01:30:52]} {[%emt
00:00:09]} 2. Nf3 {[%clk 01:31:19]} {[%emt 00:00:06]} Nc6 {[%clk 01:31:16]}
{[%emt 00:00:06]} 3. Bc4 {[%clk 01:31:42]} {[%emt 00:00:07]} Nf6 {[%clk
01:31:06]} {[%emt 00:00:40]} 4. d3 {[%clk 01:32:01]} {[%emt 00:00:10]} Bc5
{[%clk 01:31:30]} {[%emt 00:00:05]} 5. c3 {[%clk 01:32:06]} {[%emt 00:00:26]}
d6 {[%clk 01:31:53]} {[%emt 00:00:07]} 6. O-O {[%clk 01:32:17]} {[%emt
00:00:19]} a5 {[%clk 01:32:17]} {[%emt 00:00:07]} 7. Re1 {[%clk 01:31:40]}
{[%emt 00:01:06]} O-O {[%clk 01:32:29]} {[%emt 00:00:18]} 8. h3 {[%clk
01:31:39]} {[%emt 00:00:31]} Be6 {[%clk 01:32:20]} {[%emt 00:00:39]} 9. Bb5
{[%clk 01:31:16]} {[%emt 00:00:53]} Ba7 {[%clk 01:32:36]} {[%emt 00:00:15]} 10.
Nbd2 {[%clk 01:30:42]} {[%emt 00:01:03]} Ne7 {[%clk 01:32:53]} {[%emt
00:00:13]} 11. d4 {[%clk 01:29:39]} {[%emt 00:01:33]} Ng6 {[%clk 01:33:09]}
{[%emt 00:00:15]} 12. Ba4 {[%clk 01:30:02]} {[%emt 00:00:07]} Nh5 {[%clk
01:27:49]} {[%emt 00:05:50]} 13. Nf1 {[%clk 01:30:02]} {[%emt 00:00:29]} Nhf4
{[%clk 01:28:09]} {[%emt 00:00:10]} 14. Ng3 {[%clk 01:30:24]} {[%emt 00:00:08]}
c6 {[%clk 01:25:40]} {[%emt 00:02:59]} 15. Bc2 {[%clk 01:29:33]} {[%emt
00:01:21]} Qd7 {[%clk 01:22:41]} {[%emt 00:03:29]} 16. Nf5 {[%clk 01:29:50]}
{[%emt 00:00:13]} f6 {[%clk 01:23:04]} {[%emt 00:00:07]} 17. N3h4 {[%clk
01:03:04]} {[%emt 00:27:15]} d5 {[%clk 01:18:23]} {[%emt 00:05:11]} 18. exd5
{[%clk 00:20:51]} {[%emt 00:42:44]} cxd5 {[%clk 01:16:14]} {[%emt 00:02:39]} 19.
Bxf4 {[%clk 00:20:27]} {[%emt 00:00:54]} Nxf4 {[%clk 01:16:37]} {[%emt
00:00:07]} 20. dxe5 {[%clk 00:08:50]} {[%emt 00:12:07]} fxe5 {[%clk 01:11:40]}
{[%emt 00:05:27]} 21. Rxe5 {[%clk 00:09:12]} {[%emt 00:00:08]} Bb8 {[%clk
00:55:35]} {[%emt 00:16:35]} 22. Qd4 {[%clk 00:09:12]} {[%emt 00:00:30]} Bxe5
{[%clk 00:53:57]} {[%emt 00:02:08]} 23. Qxe5 {[%clk 00:09:34]} {[%emt
00:00:08]} Ng6 {[%clk 00:49:04]} {[%emt 00:05:23]} 24. Nxg6 {[%clk 00:09:33]}
{[%emt 00:00:31]} hxg6 {[%clk 00:49:27]} {[%emt 00:00:07]} 25. Nh4 {[%clk
00:02:42]} {[%emt 00:07:22]} Bf5 {[%clk 00:34:24]} {[%emt 00:15:33]} 26. Bb3
{[%clk 00:00:59]} {[%emt 00:02:13]} Rfe8 {[%clk 00:27:48]} {[%emt 00:07:06]} 27.
Bxd5+ {[%clk 00:00:34]} {[%emt 00:00:55]} Kh7 {[%clk 00:27:35]} {[%emt
00:00:42]} 28. Qd4 {[%clk 00:00:46]} {[%emt 00:00:19]} Rad8 {[%clk 00:27:52]}
{[%emt 00:00:12]} 29. Nxf5 {[%clk 00:00:46]} {[%emt 00:00:30]} Qxf5 {[%clk
00:27:15]} {[%emt 00:01:07]} 30. c4 {[%clk 00:00:41]} {[%emt 00:00:36]} b5
{[%clk 00:23:36]} {[%emt 00:04:08]} 31. Qh4+ {[%clk 00:00:46]} {[%emt
00:00:25]} Qh5 {[%clk 00:24:02]} {[%emt 00:00:04]} 32. Qxh5+ {[%clk 00:01:09]}
{[%emt 00:00:08]} gxh5 {[%clk 00:24:27]} {[%emt 00:00:05]} 33. Bc6 {[%clk
00:01:29]} {[%emt 00:00:10]} Re2 {[%clk 00:22:50]} {[%emt 00:02:07]} 34. Bxb5
{[%clk 00:00:39]} {[%emt 00:01:21]} Rxb2 {[%clk 00:22:46]} {[%emt 00:00:34]} 35.
a4 {[%clk 00:00:58]} {[%emt 00:00:10]} Rdd2 {[%clk 00:20:05]} {[%emt 00:03:11]}
36. Rf1 {[%clk 00:01:27]} {[%emt 00:00:02]} h4 {[%clk 00:17:51]} {[%emt
00:02:45]} 37. Bc6 {[%clk 00:01:36]} {[%emt 00:00:20]} Kh6 {[%clk 00:17:28]}
{[%emt 00:00:53]} 38. Be8 {[%clk 00:01:21]} {[%emt 00:00:46]} Rbc2 {[%clk
00:16:46]} {[%emt 00:01:11]} 39. Bb5 {[%clk 00:01:40]} {[%emt 00:00:11]} Kg5
{[%clk 00:15:26]} {[%emt 00:01:50]} 40. Ba6 {[%clk 00:01:57]} {[%emt 00:00:12]}
Ra2 {[%clk 00:12:55]} {[%emt 00:03:02]} 41. Bb5 {[%clk 00:27:04]} {[%emt
00:05:23]} Rdc2 {[%clk 00:42:17]} {[%emt 00:01:07]} 42. Bd7 {[%clk 00:22:22]}
{[%emt 00:05:13]} Kf6 {[%clk 00:42:07]} {[%emt 00:00:40]} 43. Bb5 {[%clk
00:18:27]} {[%emt 00:04:25]} g5 {[%clk 00:38:48]} {[%emt 00:03:49]} 44. g3
{[%clk 00:15:52]} {[%emt 00:03:04]} hxg3 {[%clk 00:36:45]} {[%emt 00:02:33]} 45.
fxg3+ {[%clk 00:16:15]} {[%emt 00:00:07]} Ke5 {[%clk 00:35:57]} {[%emt
00:01:19]} 46. Rf3 {[%clk 00:15:59]} {[%emt 00:00:46]} Ra1+ {[%clk 00:35:15]}
{[%emt 00:01:12]} 47. Rf1 {[%clk 00:16:19]} {[%emt 00:00:09]} Ra3 {[%clk
00:35:29]} {[%emt 00:00:17]} 0-1

[Event "Chess Masters Gent 2023"]
[Site "Ghent, Belgium"]
[Date "2023.07.11"]
[Round "1.4"]
[White "Van Der Stricht, Geert"]
[Black "Pijpers, Arthur"]
[Result "1/2-1/2"]
[TimeControl "90'/40 + 30' + 30\"/M"]
[WhiteTitle "IM"]
[BlackTitle "IM"]
[WhiteFideId "201324"]
[BlackFideId "1019554"]
[WhiteElo "2329"]
[BlackElo "2465"]

1. d4 {[%clk 01:30:54]} {[%emt 00:00:02]} Nf6 {[%clk 01:30:57]} {[%emt
00:00:06]} 2. c4 {[%clk 01:31:16]} {[%emt 00:00:08]} g6 {[%clk 01:31:22]}
{[%emt 00:00:05]} 3. Nc3 {[%clk 01:31:40]} {[%emt 00:00:05]} d5 {[%clk
01:31:49]} {[%emt 00:00:04]} 4. cxd5 {[%clk 01:26:32]} {[%emt 00:05:38]} Nxd5
{[%clk 01:32:11]} {[%emt 00:00:09]} 5. e4 {[%clk 01:26:56]} {[%emt 00:00:05]}
Nxc3 {[%clk 01:32:37]} {[%emt 00:00:05]} 6. bxc3 {[%clk 01:27:20]} {[%emt
00:00:05]} Bg7 {[%clk 01:33:02]} {[%emt 00:00:05]} 7. Be3 {[%clk 01:27:24]}
{[%emt 00:00:26]} c5 {[%clk 01:33:14]} {[%emt 00:00:19]} 8. Rc1 {[%clk
01:27:25]} {[%emt 00:00:28]} Qa5 {[%clk 01:33:30]} {[%emt 00:00:15]} 9. Qd2
{[%clk 01:27:19]} {[%emt 00:00:36]} O-O {[%clk 01:33:42]} {[%emt 00:00:19]} 10.
Nf3 {[%clk 01:27:16]} {[%emt 00:00:32]} Bg4 {[%clk 01:33:55]} {[%emt 00:00:17]}
11. d5 {[%clk 01:26:34]} {[%emt 00:01:12]} b5 {[%clk 01:33:58]} {[%emt
00:00:28]} 12. Bxc5 {[%clk 01:21:10]} {[%emt 00:05:54]} Rc8 {[%clk 01:34:15]}
{[%emt 00:00:13]} 13. Bd4 {[%clk 01:17:50]} {[%emt 00:03:49]} Bxf3 {[%clk
01:34:05]} {[%emt 00:00:40]} 14. Bxg7 {[%clk 01:07:46]} {[%emt 00:10:34]} Bxg2
{[%clk 01:34:08]} {[%emt 00:00:27]} 15. Bxg2 {[%clk 00:56:40]} {[%emt
00:11:35]} Kxg7 {[%clk 01:34:23]} {[%emt 00:00:15]} 16. O-O {[%clk 00:54:54]}
{[%emt 00:02:16]} Nd7 {[%clk 01:29:04]} {[%emt 00:05:50]} 17. Bh3 {[%clk
00:50:52]} {[%emt 00:04:31]} Rc7 {[%clk 01:18:33]} {[%emt 00:11:01]} 18. Qd4+
{[%clk 00:30:44]} {[%emt 00:20:38]} Kg8 {[%clk 01:18:32]} {[%emt 00:00:31]} 19.
c4 {[%clk 00:23:06]} {[%emt 00:08:08]} bxc4 {[%clk 01:04:07]} {[%emt 00:14:55]}
20. Bxd7 {[%clk 00:22:11]} {[%emt 00:01:25]} Rxd7 {[%clk 01:04:34]} {[%emt
00:00:03]} 21. Rxc4 {[%clk 00:22:08]} {[%emt 00:00:33]} Qxa2 {[%clk 01:02:18]}
{[%emt 00:02:46]} 22. Rfc1 {[%clk 00:21:21]} {[%emt 00:01:17]} Qa6 {[%clk
00:36:18]} {[%emt 00:26:30]} 23. Rc7 {[%clk 00:19:00]} {[%emt 00:02:49]} Qd6
{[%clk 00:26:39]} {[%emt 00:10:11]} 24. Rc8+ {[%clk 00:15:44]} {[%emt
00:03:46]} Rd8 {[%clk 00:27:07]} {[%emt 00:00:02]} 25. e5 {[%clk 00:13:06]}
{[%emt 00:03:08]} Qd7 {[%clk 00:22:20]} {[%emt 00:05:17]} 26. Rxa8 {[%clk
00:12:14]} {[%emt 00:01:21]} Rxa8 {[%clk 00:22:46]} {[%emt 00:00:04]} 27. d6
{[%clk 00:12:19]} {[%emt 00:00:24]} exd6 {[%clk 00:14:01]} {[%emt 00:09:16]} 28.
exd6 {[%clk 00:12:32]} {[%emt 00:00:17]} Qf5 {[%clk 00:14:29]} {[%emt
00:00:03]} 29. Rc5 {[%clk 00:12:11]} {[%emt 00:00:50]} Qb1+ {[%clk 00:14:23]}
{[%emt 00:00:36]} 30. Kg2 {[%clk 00:12:35]} {[%emt 00:00:06]} Qb7+ {[%clk
00:12:46]} {[%emt 00:02:08]} 31. f3 {[%clk 00:09:37]} {[%emt 00:03:28]} Rd8
{[%clk 00:07:21]} {[%emt 00:05:55]} 32. Rc7 {[%clk 00:09:31]} {[%emt 00:00:35]}
Qa6 {[%clk 00:06:30]} {[%emt 00:01:22]} 33. Qf6 {[%clk 00:07:12]} {[%emt
00:02:49]} Qe2+ {[%clk 00:06:51]} {[%emt 00:00:09]} 34. Kg3 {[%clk 00:06:30]}
{[%emt 00:01:10]} Qe1+ {[%clk 00:07:15]} {[%emt 00:00:08]} 35. Kg2 {[%clk
00:05:59]} {[%emt 00:01:00]} Qe2+ {[%clk 00:07:16]} {[%emt 00:00:30]} 36. Kg3
{[%clk 00:06:17]} {[%emt 00:00:11]} Qe1+ {[%clk 00:07:43]} {[%emt 00:00:04]} 37.
Kg2 {[%clk 00:06:38]} {[%emt 00:00:09]} 1/2-1/2